Population, gender and politics (Record no. 527989)

MARC details
000 -LEADER
fixed length control field 00837nam a2200265Ia 4500
003 - CONTROL NUMBER IDENTIFIER
control field OSt
005 - DATE AND TIME OF LATEST TRANSACTION
control field 20220925194035.0
008 - FIXED-LENGTH DATA ELEMENTS--GENERAL INFORMATION
fixed length control field 220923b |||||||| |||| 00| 0 eng d
020 ## - INTERNATIONAL STANDARD BOOK NUMBER
International Standard Book Number 0 521 46653 9
037 ## - SOURCE OF ACQUISITION
Terms of availability General Book
040 ## - CATALOGING SOURCE
Original cataloging agency RTL
Transcribing agency RTL
Language of cataloging eng
041 ## - LANGUAGE CODE
Source of code eng
Language code of text/sound track or separate title eng
100 ## - MAIN ENTRY--PERSONAL NAME
Personal name Jeffery Roger
9 (RLIN) 244926
245 #0 - TITLE STATEMENT
Title Population, gender and politics
Remainder of title Demographic change in rural North India
260 ## - PUBLICATION, DISTRIBUTION, ETC.
Place of publication, distribution, etc. Cambridge
Name of publisher, distributor, etc. Cambridge University Press
Date of publication, distribution, etc. 1997
300 ## - PHYSICAL DESCRIPTION
Extent xvi,278p
Dimensions cm.
490 ## - SERIES STATEMENT
Series statement Contemporary South Asia; 3
500 ## - GENERAL NOTE
General note Bibliography: P 261-276
700 ## - ADDED ENTRY--PERSONAL NAME
Personal name Jeffery Patricia
9 (RLIN) 244925
942 ## - ADDED ENTRY ELEMENTS (KOHA)
Classification part Y:5.252WA.N9, N7/TD
Koha item type General Books
Source of classification or shelving scheme Colon Classification (CC)

No items available.

Copyright @ Delhi University Library System